Seis países mais próximos - Bélgica - Statistics

Estatísticas Gerais
  • Esse quiz foi jogado 113 vezes
  • A pontuação média é 4 de 6
Estatísticas das Respostas
km país % Correto
0 França
91%
0 Países Baixos
88%
0 Alemanha
86%
0 Luxemburgo
67%
80 Reino Unido
43%
254 Suíça
41%
Nenhum quiz correspondente encontrado
Distribuição das Pontuações
Porcentagem de Pessoas com Cada Pontuação
Percentil de Números Respondidos
Sua Pontuação Histórica
Você não jogou esse quiz